| 000 | 00432 a2200193 4500 | ||
|---|---|---|---|
| 003 | OSt | ||
| 005 | 20180116182908.0 | ||
| 008 | 160426b xxu||||| |||| 00| 0 eng d | ||
| 020 | _a618061806180 | ||
| 040 | _c0 | ||
| 082 | _a111 | ||
| 100 | _aICFAI | ||
| 110 | _aICFAI | ||
| 245 | _aMarriott International:HR Practices | ||
| 250 | _aHROA 001 | ||
| 260 |
_aIndia _bICFAI _c2003 |
||
| 300 | _a14p | ||
| 942 |
_aNBS _cCS _k111 _2ddc |
||
| 999 |
_c348068 _d348068 |
||